Statistics for Position of European Countries on Map - Chain Game #1

Click here to take the quiz!

General Stats

  • This quiz has been taken 2,196 times
  • The average score is 13 of 15

Answer Stats

Country % Correct
France
100%
Poland
98%
Serbia
94%
United Kingdom
93%
Greece
91%
Finland
89%
Netherlands
89%
Iceland
88%
Belarus
87%
Portugal
87%
Ukraine
87%
Latvia
86%
Denmark
86%
Croatia
85%
Bulgaria
82%

Score Distribution

Percentile by Number Answered

Percent of People with Each Score

Your Score History

You have not taken this quiz